000 00465cam a2200181ua 4500
003 OSt
008 240203b |||||||| |||| 00| 0 eng d
020 _a9788120307001
041 _aeng
082 _a371.26
_bEBE/ES
100 _aRobert L, Ebel .
_95792
245 _aEssentials Educational measurement /
250 _a5th ed.
260 _aNew Jersey :
_bPrentice Hall Inc ,
_c2004.
300 _a370 ; .
700 1 _aDavid, Frisbie .
_95793
942 _cBK
999 _c12389
_d12389